| 000 | 00778nam a22002657a 4500 | ||
|---|---|---|---|
| 001 | BR9403520 | ||
| 003 | BR-BrBNA | ||
| 005 | 20230928094216.0 | ||
| 007 | ta | ||
| 008 | 230509b bl.||||| |||| 00| 0 por d | ||
| 040 |
_aBR-BrBNA _bpor _cBiblioteca Nacional de Agricultura |
||
| 041 | _a(Por) | ||
| 072 | _aP10; E14 | ||
| 090 | _ P10 BR9403520 | ||
| 110 | 1 |
_aProjeto Nordeste, Recife, PE (Brasil) _98080 |
|
| 245 | 1 | _aPrograma regional de apoio ao pequeno produtor rural; vol 4 - O programa. Parte 3. Recursos hidricos | |
| 260 | 3 |
_aRecife, PE (Brasil): _c1984. |
|
| 300 | _a49 p. | ||
| 500 | _a21 tables | ||
| 650 | _aRecurso Hidrico | ||
| 650 | _aPequeno Produtor | ||
| 650 | _aPrograma de Desenvolvimento | ||
| 909 |
_a202309 _bLucia _c55 _dLucia Elande |
||
| 942 | _cBK | ||
| 999 |
_c49406 _d49406 |
||